000 00394nam a2200157Ia 4500
008 221030s9999 xx 000 0 und d
020 _a8121908558
041 _aEnglish
082 _a105.23
_bTew
100 _aK. K. Tewari
245 0 _aElectricity & Magnetism with Electronics
_cby K. K. Tewari
260 _bS. Chand & Co
_aNew Delhi
_c2001
300 _a912
650 _aEMT
942 _cBK
999 _c2118
_d2118